Paesi che Confinano con la Tanzania - Statistics

Statistiche generali
  • Questo quiz è stato fatto 4.860 volte
  • Il punteggio medio è 7 su 8
Risposte nella Mappa
Le risposte nella mappa del quiz sottostante sono codificate secondo una scala di colori dal rosso al verde in base alla % di persone che hanno risposto correttamente.
 
Statistiche sulle risposte
Length Paese % Corretto
459 km Repubblica Democratica del Congo
97%
769 km Kenya
94%
756 km Mozambico
90%
396 km Uganda
89%
338 km Zambia
89%
217 km Ruanda
88%
451 km Burundi
87%
475 km Malawi
84%
Nessun quiz corrispondente trovato
Distribuzione punteggi
Percentuale di utenti per punteggio
Percentile per numero di risposta
I tuoi punteggi nel tempo
Non hai fatto questo quiz